Bilingual performance in reading and writing
Αποθηκεύτηκε σε:
| Κύριος συγγραφέας: | |
|---|---|
| Μορφή: | Βιβλίο |
| Γλώσσα: | English |
| Δημοσίευση: |
Amsterdam :
John Benjamins Publishing Company,
1994
|
| Θέματα: | |
| Ετικέτες: |
Προσθήκη ετικέτας
Δεν υπάρχουν, Καταχωρήστε ετικέτα πρώτοι!
|
MARC
| LEADER | 00000nam a2200000 i 4500 | ||
|---|---|---|---|
| 001 | 1/71521 | ||
| 008 | 990304s1994 eng d | ||
| 020 | |a 90-272-2351-3 | ||
| 035 | |l 10048345 | ||
| 040 | |a GR-MY-UA |b gre |e aacr | ||
| 041 | 0 | |a eng | |
| 082 | 0 | |a 418 | |
| 100 | 1 | |a Cumming, Alister H. | |
| 245 | 1 | 0 | |a Bilingual performance in reading and writing / |c Alister H.Cumming |
| 260 | |a Amsterdam : |b John Benjamins Publishing Company, |c 1994 | ||
| 300 | |a 378 p. | ||
| 650 | 0 | 0 | |a Language and languages |x Study and teaching. |
| 650 | 0 | 0 | |a Bilingualism. |
| 650 | 0 | 0 | |a Second language acquisition. |
| 852 | |a INST |b RHODES |e 19990304 |h 418 CUM |p 005400015456 |q 005400015456 |t BK |y 0 | ||
| 901 | |a BIBL-1999-1 | ||
| 909 | |a Ρ |b 056752 |c 1998 | ||
| 922 | |a 4ΕΛΗ |b 199805 |c ΣΚΟΥΡΤΟΥ |d ΠΑΠΑΣΩΤΗΡΙΟΥ | ||